Statistics for Deadly Animals

Click here to take the quiz!

General Stats

  • This quiz has been taken 61,229 times
  • The average score is 11 of 20

Answer Stats

Clue Animal % Correct
A pair of these hunted
and killed 28 people near Tsavo
Lion
93%
Arctic animal that, if hungry,
will hunt humans
Polar Bear
87%
Type of shark from "Jaws!"Great White Shark
81%
Hungry, hungry African river animalHippopotamus
77%
Spider with an hourglass on its backBlack Widow
75%
Most famous of the "Big 4" snakes that kill
15,000-20,000 people a year in India
Cobra
74%
Animal that killed the Crocodile HunterStingray
70%
Sharp-toothed, South American river fishPiranha
68%
Animal that kills 50-250 people
per year in the Sundarbans
Tiger
67%
Mammal known to
kill humans for revenge
Elephant
61%
The most dangerous gameHuman
46%
Most venomous jellyfishBox Jellyfish
46%
African snake featured in "Kill Bill"Black Mamba
45%
By most accounts,
the deadliest animal of all time
Mosquito
39%
Venomous South American frog
used to poison arrows
Poison Dart Frog
34%
Big game animal that
gores 200 people per year in Africa
Cape Buffalo
29%
FuguPufferfish
24%
Second deadliest in the USDog
24%
Deadliest in the United StatesBee
12%
Third deadliest in the USHorse
10%

Score Distribution

Percentile by Number Answered

Percent of People with Each Score

Your Score History

You have not taken this quiz